Online Catalogue and eLibrary

Sinhala bodiwansaya (Record no. 912)

MARC details
000 -LEADER
fixed length control field 00351nam a2200145Ia 4500
005 - DATE AND TIME OF LATEST TRANSACTION
control field 20250516031150.0
008 - FIXED-LENGTH DATA ELEMENTS--GENERAL INFORMATION
fixed length control field 240331s9999 xx 000 0 und d
082 ## - DDC Classification
Class No. 294
Item Number - Author Mark WIL
100 ## - MAIN ENTRY--PERSONAL NAME
Personal name Vilgammula Mahimi
245 #0 - TITLE STATEMENT
Title Sinhala bodiwansaya
260 ## - PUBLICATION, DISTRIBUTION, ETC.
Place of publication, distribution, etc. Colombo
Name of publisher, distributor, etc. Densan pererea
Date of publication, distribution, etc. 1970
300 ## - PHYSICAL DESCRIPTION
Extent (e.g. Volumes, Pages etc.) 296 p .,
500 ## - GENERAL NOTE
General note Sinhala Buddhism
942 ## - Koha item type (Biblio)
Koha item type Books in Stacks (Lending)
Holdings
Lost status Damaged status Collection code Home library Current library Shelving location Date acquired Full call number Accession Number Item type
    Lending WERC Library WERC Library Social Science Cupboard 03/31/2024 294 WIL 892 Books in Stacks (Lending)

© WERC Library